书目信息 |
| 题名: |
德国玩全指南
|
|
| 作者: | 郑伊雯 编著 | |
| 分册: | ||
| 出版信息: | 北京 中国旅游出版社 2008.07 |
|
| 页数: | 158页 | |
| 开本: | 23cm | |
| 丛书名: | 玩全指南 | |
| 单 册: | ||
| 中图分类: | K951.69 | |
| 科图分类: | ||
| 主题词: | 导游--德国 | |
| 电子资源: | ||
| ISBN: | 978-7-5032-3420-0 | |
| 000 | 00822oam2 2200265 450 | |
| 001 | 012004243556 | |
| 005 | 20140610110316.34 | |
| 010 | @a978-7-5032-3420-0@dCNY28.00 | |
| 100 | @a20080521d2008 em y0chiy0110 ea | |
| 101 | 0 | @achi |
| 102 | @aCN@b110000 | |
| 105 | @aab z 001yy | |
| 106 | @ar | |
| 200 | 1 | @a德国玩全指南@9de guo wan quan zhi nan@dGermany guide & map@f郑伊雯等编著@zeng |
| 210 | @a北京@c中国旅游出版社@d2008.07 | |
| 215 | @a158页@c地图,彩图@d23cm | |
| 225 | 2 | @a玩全指南 |
| 330 | @a本书推荐了德国街店、购物大道、美食区等,并规划了旅游路线,收录了数十幅逛街地图。 | |
| 461 | 0 | @12001 @a玩全指南 |
| 510 | 1 | @aGermany guide & map@zeng |
| 606 | 0 | @a导游@y德国 |
| 690 | @aK951.69@v4 | |
| 701 | 0 | @a郑伊雯@9zheng yi wen@4编著 |
| 801 | 0 | @aCN@bNLC@c20080521 |
| 905 | @b846123-26@dK951.69@e254@f4 | |
| 德国玩全指南=Germany guide & map/郑伊雯等编著.-北京:中国旅游出版社,2008.07 |
| 158页:地图,彩图;23cm.-(玩全指南) |
| ISBN 978-7-5032-3420-0:CNY28.00 |
| 本书推荐了德国街店、购物大道、美食区等,并规划了旅游路线,收录了数十幅逛街地图。 |
| ● |
| 相关链接 |
|
|
|
|
正题名:德国玩全指南
索取号:K951.69/254
 
预约/预借
| 序号 | 登录号 | 条形码 | 馆藏地/架位号 | 状态 | 备注 |
| 1 | 846123 | 208461234 | 第二样本阅览室/ [索取号:K951.69/254] | 在馆 | |
| 2 | 846124 | 208461243 | 资源管理系资料室/ [索取号:K951.69/254] | 在馆 | |
| 3 | 846125 | 208461252 | 第二借阅区/ [索取号:K951.69/254] | 在馆 | |
| 4 | 846126 | 208461261 | 第二借阅区/ [索取号:K951.69/254] | 在馆 |